| 000 | 01158nam a2200301 a 4500 | ||
|---|---|---|---|
| 001 | 000113104 | ||
| 003 | CHAP | ||
| 005 | 20220329144338.0 | ||
| 008 | 170421s2016 mx a fsm |||||||spa d | ||
| 010 | _a109565 | ||
| 011 | _a110537 | ||
| 040 | _cCHAP | ||
| 090 | _aTesis | ||
| 100 | 1 |
_aMay Vega, William Patricio _9131981 |
|
| 245 | 1 | 0 |
_aIdentificación de una plaga (Familia:Tineidae) en colecciones entomológicas de la Universidad Autonoma Chapingo,México / _h[En línea] _cpor William Patricio May Vega. |
| 260 |
_aChapingo, Méx. : _bEl autor, _c2016. |
||
| 500 | _aPara ver el contenido del material haga clic en la liga | ||
| 502 | _aTesis (Ing. Agr. Esp. en Parasitología Agrícola) -- UACH. Departamento de Parasitología Agrícola | ||
| 590 |
_aE8697GMM _b05 _c20170421 _lUCH01 _h1217 |
||
| 590 |
_aE8697GMM _b05 _c20170421 _lUCH01 _h1220 |
||
| 590 |
_aE8697GMM _b05 _c20170425 _lUCH01 _h0924 |
||
| 650 | 1 | 4 |
_aInsectos _xCatálogos y colecciones _xPreservación. _9131995 |
| 650 | 1 | 4 |
_aTineidae _xControl. _9131987 |
| 856 |
_aFinding aid _uhttp://10.13.5.2/tesis/sist113104.pdf _zTeclea aquí |
||
| 901 | _aBK | ||
| 942 | _cTESIS | ||
| 942 | _n0 | ||
| 999 |
_c109565 _d109565 |
||